Instant sewing, (Запис № 511857)
[ простий вигляд ]
| 000 -LEADER | |
|---|---|
| fixed length control field | 01056nam a2200229I 4500 |
| 001 - CONTROL NUMBER | |
| control field | instantsewing00newy |
| 003 - CONTROL NUMBER IDENTIFIER | |
| control field | CaSfIA |
| 005 - DATE AND TIME OF LATEST TRANSACTION | |
| control field | 20210118103102.0 |
| 007 - PHYSICAL DESCRIPTION FIXED FIELD--GENERAL INFORMATION | |
| fixed length control field | cr|||| |
| 008 - FIXED-LENGTH DATA ELEMENTS--GENERAL INFORMATION | |
| fixed length control field | 780220s1968 nyu 000 0 eng d |
| 040 ## - CATALOGING SOURCE | |
| Original cataloging agency | TLM |
| Transcribing agency | TLM |
| Modifying agency | CaSfIA |
| 035 ## - SYSTEM CONTROL NUMBER | |
| System control number | (OCoLC)3654772 |
| 092 ## - LOCALLY ASSIGNED DEWEY CALL NUMBER (OCLC) | |
| Classification number | 646.4 |
| 245 00 - TITLE STATEMENT | |
| Title | Instant sewing, |
| Medium | [electronic resource] |
| Statement of responsibility, etc | created by the team of the foremost experts on home sewing. |
| 260 ## - PUBLICATION, DISTRIBUTION, ETC. (IMPRINT) | |
| Place of publication, distribution, etc | [New York] |
| Name of publisher, distributor, etc | Graphic enterprises |
| Date of publication, distribution, etc | [1968] |
| 300 ## - PHYSICAL DESCRIPTION | |
| Extent | 117 p. |
| 506 ## - RESTRICTIONS ON ACCESS NOTE | |
| Standardized terminology for access restriction | Необхідна авторизація на https://archive.org/ (створення облікового запису безкоштовно) |
| 506 ## - RESTRICTIONS ON ACCESS NOTE | |
| Standardized terminology for access restriction | Необхідна авторизація на https://openlibrary.org/ (створення облікового запису безкоштовно) |
| 856 41 - ELECTRONIC LOCATION AND ACCESS | |
| Uniform Resource Identifier | <a href="http://www.archive.org/details/instantsewing00newy">http://www.archive.org/details/instantsewing00newy</a> |
| Public note | Free eBook from the Internet Archive |
| 856 42 - ELECTRONIC LOCATION AND ACCESS | |
| Uniform Resource Identifier | <a href="http://www.openlibrary.org/books/OL24210816M">http://www.openlibrary.org/books/OL24210816M</a> |
| Public note | Additional information and access via Open Library |
| 942 ## - ADDED ENTRY ELEMENTS (KOHA) | |
| Koha item type | ЕКнига |
Немає доступних примірників.